000 005810000a22001810004500
090 _aAR
_b03856
245 1 0 _aStudies of the purple gallinule (Porphyrula martinica) in the Meta ricefields
500 _a<Colección Recursos Genéticos>
650 1 4 _aAves
_992429
650 1 4 _aHábitos alimentarios
_93824
650 1 4 _aBiología reproductiva
_93705
651 4 _dMeta
_pColombia
_992749
653 _gPorphyrula
_ePorphyrula martinica
_vtingua
_xcaica
_zgallineta
041 0 _aInglés
100 1 _aMckay, Wallace D.
_996999
942 _cARTICULO
773 1 _tPreprint
_q1-48
_d1978
999 _c12891
_d12891